Countries That Border India On A Map - Statistics

General Stats
  • This quiz has been taken 57 times
  • The average score is 6 of 6
Answers on the Map
Answers color-coded by a green-red scale on the quiz's map according to % correct below.
 
Answer Stats
Answer % Correct
China
98%
Pakistan
96%
Nepal
92%
Bangladesh
90%
Bhutan
90%
Myanmar
88%
No matching quizzes found
Score Distribution
Percent of People with Each Score
Percentile by Number Answered
Your Score History
You have not taken this quiz